00667nam a2200217 i 4500003000900000005001700009007000300026008004100029020001800070040003000088082001300118100002200131245005100153264003900204300002900243336002700272337003400299338002800333490001400361500007400375DO-SdBNP20240403101034.0ta240403s2015 dr 000 j spa d a9788490953983 aDO-SdBNPbspacBNPHUerda bP426222 aPeralta, Janibell10aQuién no quiere una rosa /cJanibell Peralta 1a[España] :bCirculo Rojo,c2015. a179 páginas, c22 cm. 2rdacontentatextobtxt 2rdamediaasin mediación bn 2rdacarrieravolumenbnc1 aAutoayuda aIncluye datos biografícos de la autora en la solapa de la portada.